Normal view
MARC view
- رسل،برتراند مؤلف/عبده،سمير مترجم
Entry Personal Name
001 - CONTROL NUMBER
- control field: 17832
003 - CONTROL NUMBER IDENTIFIER
- control field: JO-AjAnu
005 - DATE AND TIME OF LATEST TRANSACTION
- control field: 20230606073137.0
008 - FIXED-LENGTH DATA ELEMENTS
- fixed length control field: 230606|| aca||aabn | a|a d
040 ## - CATALOGING SOURCE
- Original cataloging agency: JO-AjAnu
- Transcribing agency: JO-AjAnu
100 ## - HEADING--PERSONAL NAME
- Personal name: رسل،برتراند مؤلف/عبده،سمير مترجم
670 ## - SOURCE DATA FOUND
- Source citation: Work cat.: (JO-AjAnu)9159: رسل،برتراند مؤلف/عبده،سمير مترجم, author, في التربية..